|
|
|
|
| LEADER |
01119nam a2200277 a 4500 |
| 001 |
14665053 |
| 008 |
111207r2006 enka b 001 0 eng d |
| 010 |
|
|
|a 2006491874
|
| 020 |
|
|
|a 9780335218417 (pbk.)
|
| 020 |
|
|
|a 0335218415 (pbk.)
|
| 020 |
|
|
|a 0070636176
|
| 040 |
|
|
|a UKM
|c UKM
|d BAKER
|d NNU
|d DLC
|d BD-DhAAL
|
| 082 |
0 |
4 |
|a 362.1
|2 22
|
| 100 |
1 |
|
|a Landon, Megan.
|
| 245 |
1 |
0 |
|a Environment, health and sustainable development /
|c Megan Landon.
|
| 260 |
|
|
|a Maidenhead :
|b Open University Press ;
|a New Delhi :
|b Tata McGraw-Hill,
|c 2006.[Reprinted]
|
| 300 |
|
|
|a xiii, 221 p. :
|b ill. ;
|c 24 cm.
|
| 490 |
|
0 |
|a Understanding public health
|
| 504 |
|
|
|a Includes bibliographical references and index.
|
| 505 |
0 |
|
|a Health and the environment -- Environmental quality -- Global issues.
|
| 541 |
1 |
|
|e 00023939
|
| 650 |
|
0 |
|a Environmental health.
|
| 650 |
|
0 |
|a Sustainable development.
|
| 852 |
1 |
|
|a Ayesha Abed Library
|j General shelf
|
| 999 |
|
|
|c 11544
|d 11544
|
| 952 |
|
|
|0 0
|1 0
|2 ddc
|4 0
|6 362_100000000000000_LAN
|7 0
|9 18791
|a JPGSPH
|b JPGSPH
|d 2011-12-07
|e School of Public Helath
|l 0
|o 362.1 LAN
|p 3060023939
|r 2011-12-07
|t 1
|w 2011-12-07
|y BK
|